|
|
|
|
| LEADER |
00000nam a22000004a 4500 |
| 001 |
AR-BbUGT5390 |
| 003 |
AR-BbUGT |
| 005 |
20181220001714.0 |
| 007 |
ta |
| 008 |
170731t1992 enkab |0|||0|eng d |
| 020 |
|
|
|a 0632029064
|
| 040 |
|
|
|a AR-BbUGT
|b spa
|c AR-BbUGT
|
| 082 |
0 |
4 |
|a 690
|
| 100 |
1 |
|
|a Stacey, Raymond W.
|
| 245 |
1 |
0 |
|a Industrial studies for building students /
|c Raymond W. Stacey.
|
| 250 |
|
|
|a 2a. ed.
|
| 260 |
|
|
|a Oxford ; Boston :
|b Blackwell Scientific Publications,
|c 1992.
|
| 300 |
|
|
|a ix, 192 p. :
|b il., mapas ;
|c 24 cm.
|
| 653 |
|
|
|a Construcción
|
| 653 |
|
|
|a Industria de la construcción
|
| 653 |
|
|
|a Elementos constructivos
|
| 653 |
|
|
|a Ambiente construido
|
| 942 |
|
|
|c BK
|h 690
|i ST775
|m A
|2 ddc
|6 690_000000000000000_ST775
|
| 999 |
|
|
|c 10438
|d 10438
|